000 00551nam a2200193Ia 4500
005 20250326141714.0
008 250326s9999 xx 000 0 und d
020 _a81-7141-090-1
037 _aTextbook
040 _aFMSL
_beng
_cFMSL
041 _aeng
_2eng
084 _aX:89ZB(Y31) N0
_qFMSL
100 _aSingh M K
_9126416
245 0 _aManagement in government
_cSingh M K; Bhattacharya A
260 _aNew Delhi
_bNew Delhi, Discovery
_c1990
300 _a313p
942 _cTB
_hX:89ZB(Y31) N0
999 _c1291581
_d1291581